000 00460nam a2200205Ia 4500
003 IT-RoPAU
008 120407s9999 xx 000 0 und d
040 _aIT-RoPAU
040 _cIT-RoPAU
041 _afra
100 _aPierre Benoit
245 _a"Synopse des quatre évangiles en francais Genesi letteraria"
260 _aDu Cerf
260 _c1977
300 _c28 cm
490 _v23
700 _aM.E. Boismard
942 _cBK
999 _c23139
_d23139